LEADER 03329oas 2201189 a 450 001 9910146778203321 005 20251105213014.0 011 $a1746-692X 024 8 $aeb49878167 035 $a(DE-599)ZDB2221925-0 035 $a(OCoLC)63516385 035 $a(CONSER) 2007252061 035 $a(CKB)1000000000022993 035 $a(EXLCZ)991000000000022993 100 $a20060206a20019999 sy a 101 0 $aeng 135 $aurmn||||||||| 181 $ctxt$2rdacontent 182 $cc$2rdamedia 183 $acr$2rdacarrier 200 00$aEuroChoices 210 $aUckfield [England] $cAgricultural Economics Society$d©2001- 215 $a1 online resource 300 $aRefereed/Peer-reviewed 311 08$a1478-0917 517 3 $aEuro choices 606 $aAgriculture$xEconomic aspects$zEurope$vPeriodicals 606 $aFood industry and trade$zEurope$vPeriodicals 606 $aAgricultural resources$zEurope$vPeriodicals 606 $aRural development$zEurope$vPeriodicals 606 $aAgriculture$xAspect e?conomique$zEurope$vPe?riodiques 606 $aRessources agricoles$zEurope$vPe?riodiques 606 $aDe?veloppement rural$zEurope$vPe?riodiques 606 $aAgricultural resources$2fast$3(OCoLC)fst00801277 606 $aAgriculture$xEconomic aspects$2fast$3(OCoLC)fst00801415 606 $aFood industry and trade$2fast$3(OCoLC)fst00930843 606 $aRural development$2fast$3(OCoLC)fst01101498 606 $aLandbouweconomie$2gtt 606 $aAgricultura$2thub 607 $aEurope$2fast$1https://id.oclc.org/worldcat/entity/E39PBJxCxPbbk4CPJDQJb4r6rq 607 $a4$2gtt 607 $aEuropa$2thub 608 $aPeriodicals.$2fast 608 $aPeriodicals.$2lcgft 608 $aRevistes electròniques.$2thub 615 0$aAgriculture$xEconomic aspects 615 0$aFood industry and trade 615 0$aAgricultural resources 615 0$aRural development 615 6$aAgriculture$xAspect e?conomique 615 6$aRessources agricoles 615 6$aDe?veloppement rural 615 7$aAgricultural resources. 615 7$aAgriculture$xEconomic aspects. 615 7$aFood industry and trade. 615 7$aRural development. 615 17$aLandbouweconomie. 615 7$aAgricultura. 676 $a338.1094 712 02$aAgricultural Economics Society (Great Britain), 712 02$aEuropean Association of Agricultural Economists, 801 0$bGAO 801 1$bGAO 801 2$bVRC 801 2$bOCL 801 2$bWAU 801 2$bOCLCQ 801 2$bOCLCF 801 2$bVT2 801 2$bOCLCQ 801 2$bOCLCA 801 2$bOCLCQ 801 2$bCUS 801 2$bBWN 801 2$bNLE 801 2$bUKMGB 801 2$bSHS 801 2$bDEBBG 801 2$bGWDNB 801 2$bGBVCP 801 2$bCUD 801 2$bSFB 801 2$bQE2 801 2$bCEF 801 2$bUAB 801 2$bLIP 801 2$bFIE 801 2$bLND 801 2$bYOU 801 2$bCNTRU 801 2$bOCLCO 801 2$bUBY 801 2$bOCLCL 801 2$bUEJ 801 2$bSXB 801 2$bOCLCQ 801 2$bOCLCL 801 2$bOCLCQ 906 $aJOURNAL 912 $a9910146778203321 996 $aEuroChoices$92027524 997 $aUNINA